000 00432nam a22001457a 4500
020 _a9781119863076
040 _cNUST
082 _a629.8312 SHM
100 _aShmaliy, Yuriy.S
_9107899
110 _aZhao, Shunyi
_9107639
245 _aOptimal and Robust State Estimation:
_bFinite Impulse Response (FIR) and Kalman Approaches
260 _aNEW JERSEY:
_bJOHN WILEY & SONS,
_c2022.
650 _aControl Theory
942 _2ddc
_cBK
999 _c592999
_d592999